| 000 | 01454nam0a2200361 4500 | ||
|---|---|---|---|
| 001 | RU\NLR\bibl\1699413 | ||
| 005 | 20260406132536.0 | ||
| 010 |
_a978-5-8455-0175-2 _913800 |
||
| 021 |
_aRU _b2010-78887 _95260 |
||
| 035 | _a(nilc)RSL-KNO-004747665 | ||
| 035 | _a(NLR Aleph) 001690498 | ||
| 090 |
_a1157741 _c1157741 |
||
| 100 | _a20101018d2010 |||y0rusy50 ca | ||
| 101 | 0 | _arus | |
| 102 | _aRU | ||
| 105 | _aa ||||||||| | ||
| 200 | 1 |
_aМальчики с бантиками _e[повесть] _fВалентин Пикуль _gПравительство Москвы, Деп. образования г. Москвы, Моск. гор. пед. ун-т _g[худож.: В.Г. Днепровский] |
|
| 210 |
_aМосква _cЖизнь и мысль _cМосковские учебники _d2010 |
||
| 215 |
_a463 с. _cцв. ил. _d22 |
||
| 225 | 1 | _aБиблиотечка МГПУ | |
| 225 | 1 | _aКаким ты был, мой ровесник? | |
| 225 | 1 |
_aКнига, здравствуй! _e4 класс |
|
| 686 |
_aШ9(2)6=Р72-40 _2rubbk |
||
| 686 | _aШ9(2)60=Р7-4 | ||
| 700 | 1 |
_4070 _7ca _8rus _aПикуль _bВ. С. _f1928-1990 _gВалентин Саввич _9111930 _3RU\NLR\auth\771913 |
|
| 702 | 1 |
_aДнепровский _bВ. Г. _4040 |
|
| 801 | 0 |
_aRU _bРГБ _c20101018 _grcr |
|
| 801 | 1 |
_aRU _bРГБ _c20101018 |
|
| 801 | 2 |
_aRU _bNLR _c20101113 _grcr |
|
| 942 | _cBOOK | ||
| 980 | _aNB | ||